[Event "Voronezh Rating op 06"]
[Site "Voronezh"]
[Date "2014.06.03"]
[Round "4"]
[White "Kholodov, Vladimir"]
[Black "Bachurin, Sergey"]
[Result "1-0"]
[WhiteElo "1998"]
[BlackElo "2377"]
[PlyCount "55"]
[EventDate "2014.05.30"]
[EventType "swiss"]
[EventRounds "7"]
[EventCountry "RUS"]
[SourceTitle "EXT 2015"]
[Source "ChessBase"]
[SourceDate "2014.11.20"]
[SourceVersion "1"]
[SourceVersionDate "2014.11.20"]
[SourceQuality "1"]

1. e4 c5 2. Nf3 Nf6 3. Nc3 Nc6 4. d4 cxd4 5. Nxd4 d5 6. Bb5 Bd7 7. exd5 Nxd4 8. Qxd4 Bxb5 9. Nxb5 Qa5+ 10. Nc3 Rd8 11. b4 Qb6 12. Qxb6 axb6 13. Be3 Nxd5 14. Nxd5 Rxd5 15. Bxb6 e6 16. a3 Be7 17. c4 Re5+ 18. Be3 Bg5 19. Ke2 Ke7 20. g3 Bxe3 21. fxe3 Rc8 22. Rac1 f5 23. Rhd1 g5 24. Rd4 h5 25. h4 gxh4 26. Rxh4 Re4 27. Rxh5 Kf6 28. c5 1-0

[Event "Voronezh Rating op 06"]
[Site "Voronezh"]
[Date "2014.05.31"]
[Round "2"]
[White "Shestakov, Alexander"]
[Black "Bachurin, Sergey"]
[Result "0-1"]
[WhiteElo "1872"]
[BlackElo "2377"]
[PlyCount "91"]
[EventDate "2014.05.30"]
[EventType "swiss"]
[EventRounds "7"]
[EventCountry "RUS"]
[SourceTitle "EXT 2015"]
[Source "ChessBase"]
[SourceDate "2014.11.20"]
[SourceVersion "1"]
[SourceVersionDate "2014.11.20"]
[SourceQuality "1"]

1. f4 Nf6 2. Nf3 g6 3. b3 Bg7 4. Bb2 d5 5. e3 c5 6. Ne5 0-0 7. Be2 d4 8. exd4 cxd4 9. Na3 Nc6 10. Nac4 Nd7 11. Nxc6 bxc6 12. Bf3 Ba6 13. Bxc6 Bxc4 14. Bxa8 Qxa8 15. bxc4 Qxg2 16. Rf1 Bf6 17. Qf3 Bh4+ 18. Kd1 Qxh2 19. Rh1 Qg3 20. Qxg3 Bxg3 21. Bxd4 Bxf4 22. Bxa7 Ra8 23. Bf2 Ne5 24. d3 Nc6 25. Bc5 Be5 26. Kd2 Bxa1 27. Rxa1 e5 28. c3 f5 29. a4 Kf7 30. Bb4 Na5 31. Kc2 h5 32. c5 g5 33. c4 h4 34. Bd2 g4 35. c6 Nxc6 36. a5 f4 37. Rb1 Nxa5 38. Ra1 h3 39. Bc3 Ke6 40. Re1 Nc6 41. d4 g3 42. d5+ Kf5 43. dxc6 h2 44. c7 g2 45. Rxe5+ Kg4 46. Ra5 0-1

[Event "Voronezh Rating op 06"]
[Site "Voronezh"]
[Date "2014.05.30"]
[Round "1"]
[White "Bachurin, Sergey"]
[Black "Kozlov, Sergej A"]
[Result "0-1"]
[WhiteElo "2377"]
[BlackElo "1905"]
[PlyCount "72"]
[EventDate "2014.05.30"]
[EventType "swiss"]
[EventRounds "7"]
[EventCountry "RUS"]
[SourceTitle "EXT 2015"]
[Source "ChessBase"]
[SourceDate "2014.11.20"]
[SourceVersion "1"]
[SourceVersionDate "2014.11.20"]
[SourceQuality "1"]

1. c4 e6 2. Nf3 d5 3. b3 Nf6 4. Bb2 Be7 5. g3 0-0 6. Bg2 c5 7. cxd5 exd5 8. 0-0 Nc6 9. d4 cxd4 10. Nxd4 Qb6 11. e3 Rd8 12. Nd2 Bg4 13. f3 Be6 14. Qe2 Bc5 15. Nc2 Bf5 16. Bxf6 gxf6 17. Rac1 Bxc2 18. Rxc2 Bxe3+ 19. Kh1 Nd4 20. Qd3 Nxc2 21. Qxc2 Rac8 22. Qd3 Qd4 23. Qxd4 Bxd4 24. Rd1 Rc2 25. a4 Rdc8 26. Nf1 Bb6 27. Rxd5 Rd8 28. f4 Rxd5 29. Bxd5 Rf2 30. Bg2 a5 31. h4 Bd4 32. Nh2 b6 33. Bd5 Kf8 34. Ng4 Rd2 35. Nh6 Bf2 36. Bxf7 Kg7 0-1

[Event "Belyaev Memorial 06th"]
[Site "Vizantia"]
[Date "2006.07.18"]
[Round "9"]
[White "Bachurin, Sergey"]
[Black "Matveev, Andrey"]
[Result "1/2-1/2"]
[WhiteElo "2363"]
[BlackElo "2332"]
[PlyCount "71"]
[EventDate "2006.06.29"]
[EventType "swiss"]
[EventRounds "11"]
[EventCountry "RUS"]
[SourceTitle "EXT 2008"]
[Source "ChessBase"]
[SourceDate "2007.11.25"]
[SourceVersion "1"]
[SourceVersionDate "2007.11.25"]
[SourceQuality "1"]

1. d4 d5 2. Nf3 Nf6 3. c4 c6 4. Nc3 dxc4 5. a4 Bg4 6. Ne5 Bh5 7. g3 Nbd7 8. Nxc4 Nb6 9. Ne5 e6 10. a5 Nbd5 11. Qb3 Bb4 12. Bd2 0-0 13. Bg2 Rb8 14. e4 Nxc3 15. Bxc3 Bxc3+ 16. bxc3 c5 17. Qb2 Qc7 18. 0-0 Rfc8 19. Rfc1 b6 20. axb6 axb6 21. h3 Bg6 22. Nxg6 hxg6 23. d5 exd5 24. exd5 b5 25. Ra6 Qe5 26. Qd2 c4 27. Re1 Qf5 28. g4 Qd3 29. Rd1 Qxd2 30. Rxd2 b4 31. cxb4 c3 32. Rc2 Rxb4 33. Rc6 Rc4 34. Kf1 Nd7 35. Ke2 Re8+ 36. Kf1 1/2-1/2